Introduction to Fluid Mechanics and Fluid Machines / (Record no. 32040)

000 -LEADER
fixed length control field 00642 a2200217 4500
003 - CONTROL NUMBER IDENTIFIER
control field OSt
005 - DATE AND TIME OF LATEST TRANSACTION
control field 20260312142046.0
008 - FIXED-LENGTH DATA ELEMENTS--GENERAL INFORMATION
fixed length control field 260312b ||||| |||| 00| 0 eng d
020 ## - INTERNATIONAL STANDARD BOOK NUMBER
International Standard Book Number 9780071329194
040 ## - CATALOGING SOURCE
Transcribing agency .
082 ## - DEWEY DECIMAL CLASSIFICATION NUMBER
Classification number 620.106
Item number S6931
100 ## - MAIN ENTRY--PERSONAL NAME
9 (RLIN) 1516
Personal name Som, S. K.
245 ## - TITLE STATEMENT
Title Introduction to Fluid Mechanics and Fluid Machines /
Statement of responsibility, etc. S K Som , Gautam Biswas and Suman Chakraborty
250 ## - EDITION STATEMENT
Edition statement 3rd ed.
260 ## - PUBLICATION, DISTRIBUTION, ETC.
Name of publisher, distributor, etc. McGraw Hill Education Private Limited,
Place of publication, distribution, etc. Chennai :
Date of publication, distribution, etc. 2012.
300 ## - PHYSICAL DESCRIPTION
Extent 841 p.
650 #0 - SUBJECT ADDED ENTRY--TOPICAL TERM
9 (RLIN) 298
Topical term or geographic name entry element Fluid Mechanics
700 ## - ADDED ENTRY--PERSONAL NAME
9 (RLIN) 6691
Personal name Biswas, Gautam
9 (RLIN) 6692
Personal name Chakraborty, Suman
942 ## - ADDED ENTRY ELEMENTS (KOHA)
Source of classification or shelving scheme
Koha item type Books
Holdings
Withdrawn status Lost status Source of classification or shelving scheme Damaged status Not for loan Collection code Permanent Location Current Location Shelving location Date acquired Source of acquisition Cost, normal purchase price Full call number Barcode Date last seen Cost, replacement price Price effective from Koha item type
          Non-fiction IMU Kolkata IMU Kolkata Reference 2026-03-20 28 685.72 620.106 S6931 14951 2026-03-20 1025.00 2026-03-20 Books
          Non-fiction IMU Kolkata IMU Kolkata   2026-03-20 28 685.72 620.106 S6931 14952 2026-03-20 1025.00 2026-03-20 Books
Designed and Maintained by IMU-KC Library, Kolkata Campus © Copyright All Rights Reserved

webs counters

Powered by Koha